01001nam a2200253 u 450000100100000000500170001000800410002702000180006808200190008610000380010524000800014324501550022326000370037830000210041549000160043665000450045265000620049765100610055970000360062070000390065683000220069599900170071704000130073400004660520201002053008.0170125s2010 mx r 000 0 eng d a9786071105073 a330.973bS855c1 aStiglitz, Joseph E.d1943-97458110aFreefall. America, free markets and sinking of the world economylEspañol10aCaída libre :bel libre mercado y el hundimiento de la economía mundial /cJoseph E. Stiglitz ; traducción de Alejandro Pradera y Núria Petit. aMéxico, D.F. :bTaurus,c2010. a423 p. ;c27 cm.1 aPensamiento 4aCrisis financierazEstados Unidos974596 4aFinanzasxPolítica gubernamentalzEstados Unidos974597 4aEstados UnidosxPolítica Económicay1993-200997459812aPradera, Alejandro,etr.97457512aPetit Fontsere, Nuria,etr.974599 0aPensamiento99245 c46094d46094 aDO-SdBNP